000 00536nam a2200133Ia 4500
008 200611s9999 xx 000 0 und d
020 _a9.7814188391e+012
100 _a Zimmerman, S. Scott
245 _cS Scott Zimmermann; Beverly B Zimmermann; Ann Shaffer.--
_aNew perspectives on Microsoft Office Word 2003 : course card edition :
_bcomprehensive /
260 _aUnited States :
_bThomson Course Technology
_c2006
300 _a344 pages
_billustrations (some color)
_c29 cm
650 _aMicrosoft Word.
650 _aWord processing.
999 _c363488
_d363488